| 000 | 00751nam a22002177a 4500 | ||
|---|---|---|---|
| 003 | OSt | ||
| 005 | 20250221171335.0 | ||
| 008 | 230926b ||||| |||| 00| 0 eng d | ||
| 040 | _c0 | ||
| 082 | _aDPer 379.1 J826 Winter - Spring 2020 v. 45 n. 3-4 | ||
| 100 |
_aStedrak, Luke J. _eauthor. _949235 |
||
| 245 |
_aNew Jersey / _cLuke J. Stedrak |
||
| 260 |
_aUnited States ; _bUniversity of Illinois Press and Johns Hopkins University Press, _cWinter 2020. |
||
| 300 | _avolume 45, pages 342-343. | ||
| 500 | _aJournal of Education Finance, v. 45 n. 3, pages 342-343, Winter 2020. | ||
| 650 |
_aFinance. _949236 |
||
| 650 |
_aBudget. _949237 |
||
| 650 |
_aEducation. _949238 |
||
| 700 |
_aStedrak, Luke J. _eauthor. _949235 |
||
| 942 |
_2ddc _cPER |
||
| 999 |
_c18244 _d18244 |
||